000
00272nam a2200097 a 4500
005
20200930070743.0
008
110923s1948 000 spa d
245
0
_a
Centenario y panegírico de Federico Henqíquez y Carvajal.
260
_a
La Habana,
_c
1948.
999
_c
33567
_d
33567
040
_a
DO-SdBNP